Statistics for 100 Largest Cities in 2100

Click here to take the quiz!

General Stats

  • This quiz has been taken 599 times
  • The average score is 60 of 100

Answer Stats

ContinentPopulationCity% Correct
Africa88,300,000Lagos
97%
Africa40,500,000Cairo
92%
North America30,200,000New York City
92%
Asia67,200,000Mumbai
91%
Europe9,600,000London
90%
North America20,000,000Los Angeles
90%
Asia25,600,000Tokyo
90%
Asia57,300,000Delhi
89%
Europe8,400,000Moscow
88%
Europe11,900,000Paris
88%
Asia15,600,000Beijing
87%
Africa83,500,000Kinshasa
87%
South America19,800,000Rio de Janeiro
87%
North America22,200,000Mexico City
86%
Asia20,800,000Shanghai
86%
South America19,100,000Sao Paulo
85%
Asia / Europe14,800,000Istanbul
84%
South America16,800,000Buenos Aires
83%
North America14,500,000Chicago
82%
Asia18,200,000Jakarta
82%
Asia49,100,000Karachi
82%
Africa46,700,000Nairobi
80%
Asia54,200,000Dhaka
79%
Africa56,600,000Khartoum
79%
South America12,800,000Lima
79%
Asia12,100,000Bangkok
78%
South America11,200,000Bogotá
77%
Asia8,000,000Osaka
77%
North America8,300,000Toronto
77%
Africa14,700,000Alexandria
76%
Asia27,000,000Lahore
75%
Asia40,000,000Manila
75%
North America7,900,000Dallas
74%
Asia12,700,000Guangzhou
74%
Africa23,600,000Luanda
74%
Asia8,200,000Tehran
74%
Africa18,800,000Abuja
72%
Asia25,800,000Chennai
72%
Africa73,700,000Dar es Salaam
72%
Africa11,000,000Accra
71%
Asia24,800,000Bangalore
71%
Asia15,500,000Ho Chi Minh City
71%
Asia52,400,000Kolkata
71%
Africa21,200,000Dakar
69%
Asia12,900,000Hanoi
69%
North America9,200,000Miami
69%
Asia50,300,000Kabul
68%
Africa36,400,000Mogadishu
68%
Africa35,800,000Addis Ababa
67%
Asia34,100,000Baghdad
67%
Africa40,100,000Kampala
67%
Africa56,100,000Niamey
65%
Asia23,200,000Hyderabad
64%
Asia11,500,000Hong Kong
63%
Asia9,400,000Riyadh
62%
Africa19,700,000Abidjan
60%
Africa37,700,000Lusaka
59%
Africa28,300,000Kano
58%
Africa21,100,000Maputo
58%
Asia19,700,000Ahmedabad
56%
North America9,000,000Philadelphia
56%
Asia10,000,000Wuhan
54%
Africa23,000,000Bamako
53%
Africa18,300,000Kigali
53%
Asia9,900,000Tianjin
53%
Africa28,800,000N'Djamena
52%
Asia17,300,000Pune
52%
Africa41,400,000Lilongwe
51%
Asia10,900,000Shenzhen
50%
Africa20,500,000Antananarivo
49%
Asia11,400,000Yangon
48%
Asia18,800,000Chittagong
47%
Africa14,000,000Mombasa
47%
Asia8,900,000Chongqing
43%
Africa17,200,000Conakry
43%
Africa23,700,000Ibadan
43%
Africa10,200,000Lomé
43%
Asia11,000,000Jaipur
42%
Africa11,200,000Monrovia
42%
Asia14,500,000Surat
42%
Africa20,600,000Ouagadougou
41%
Asia27,200,000Sana'a
40%
Africa9,700,000Douala
37%
Asia10,100,000Lucknow
37%
Africa9,400,000Port Harcourt
34%
Africa14,700,000Lubumbashi
31%
Africa11,100,000Benin City
29%
Asia13,900,000Phnom Penh
29%
Africa40,900,000Blantyre City
28%
Asia11,000,000Faisalabad
28%
Asia11,700,000Kanpur
27%
Asia9,100,000Nagpur
25%
Asia8,200,000Patna
21%
Asia8,400,000Aleppo
19%
Africa14,200,000Mbuji-Mayi
19%
Africa11,000,000Giza
18%
Asia8,900,000Mosul
17%
Africa13,200,000Kaduna
15%
Asia11,700,000Al-Hudaydah
4%
Asia10,800,000Tai'izz
1%

Score Distribution

Percentile by Number Answered

Percent of People with Each Score

Your Score History

You have not taken this quiz